Bosquejo histórico de los derechos de la mujer en la legislación de Indias / (Record no. 116672)

MARC details
000 -LEADER
campo de control de longitud fija 00786nam a2200217 i 4500
001 - NÚMERO DE CONTROL
campo de control 116672
003 - IDENTIFICADOR DE NÚMERO DE CONTROL
campo de control ES-MaACL
005 - FECHA Y HORA DE LA ÚLTIMA TRANSACCIÓN
campo de control 20230906190740.0
007 - CAMPO FIJO DE DESCRIPCIÓN FÍSICA--INFORMACIÓN GENERAL
campo de control de longitud fija t|
008 - DATOS DE LONGITUD FIJA--INFORMACIÓN GENERAL
campo de control de longitud fija 061121s1920 sp r ||||1| spa d
080 ## - NÚMERO DE LA CLASIFICACIÓN DECIMAL UNIVERSAL
Número de la Clasificación Decimal Universal 347.625.2(7/8)(091)
100 1# - ENTRADA PRINCIPAL--NOMBRE DE PERSONA
Nombre de persona Ots Capdequí, José María.
9 (RLIN) 87937
245 10 - MENCIÓN DEL TÍTULO
Título Bosquejo histórico de los derechos de la mujer en la legislación de Indias /
Mención de responsabilidad, etc. José María Ots Capdequi.
260 ## - PUBLICACIÓN, DISTRIBUCIÓN, ETC.
Lugar de publicación, distribución, etc. Madrid :
Nombre del editor, distribuidor, etc. Reus,
Fecha de publicación, distribución, etc. 1920.
300 ## - DESCRIPCIÓN FÍSICA
Extensión IV, 220 p. ;
Dimensiones 23 cm.
490 1# - MENCIÓN DE SERIE
Mención de serie Biblioteca de la "Revista general de legislación y jurisprudencia" ;
Designación de volumen o secuencia 23
650 #4 - PUNTO DE ACCESO ADICIONAL DE MATERIA--TÉRMINO DE MATERIA
Término de materia o nombre geográfico como elemento de entrada Mujeres-
Subdivisión geográfica América española.
9 (RLIN) 168821
830 1# - PUNTO DE ACCESO ADICIONAL DE SERIE-TÍTULO UNIFORME
Título uniforme Biblioteca de la "Revista general de legislación y jurisprudencia" ;
Designación de volumen o secuencia 23
9 (RLIN) 182870
852 4# - LOCALIZACIÓN
Ubicación ES-MaACL
Número de control de estantería B-5971
Holdings
Estatus retirado Estado de pérdida Estado de daño No para préstamo Biblioteca de origen Biblioteca actual Ubicación en estantería Fecha de adquisición Fuente de adquisición Total de préstamos Signatura topográfica completa Código de barras Visto por última vez Precio de reemplazo Tipo de ítem Koha
        Biblioteca del Ateneo de Madrid Biblioteca del Ateneo de Madrid Sala Pardo Bazán 17/01/2008     B-5971 1121657 23/02/2023 23/02/2023 Libro impreso